Principles and practice of property valuation in Australia / (Record no. 121359)

MARC details
000 -LEADER
fixed length control field 03011cam a22005531i 4500
001 - CONTROL NUMBER
control field BDZ0048142652
003 - CONTROL NUMBER IDENTIFIER
control field StDuBDS
005 - DATE AND TIME OF LATEST TRANSACTION
control field 20230206131153.0
006 - FIXED-LENGTH DATA ELEMENTS--ADDITIONAL MATERIAL CHARACTERISTICS--GENERAL INFORMATION
fixed length control field m || d |
007 - PHYSICAL DESCRIPTION FIXED FIELD--GENERAL INFORMATION
fixed length control field cr |||||||||||
008 - FIXED-LENGTH DATA ELEMENTS--GENERAL INFORMATION
fixed length control field 230206s2021 enka ob 001|0|eng|d
010 ## - LIBRARY OF CONGRESS CONTROL NUMBER
LC control number 2021013399
020 ## - INTERNATIONAL STANDARD BOOK NUMBER
ISBN 9781000441840 (ePub ebook) :
Terms of availability 49.99
020 ## - INTERNATIONAL STANDARD BOOK NUMBER
Cancelled/invalid ISBN 9780367503406 (hbk.) :
Terms of availability 120.00
020 ## - INTERNATIONAL STANDARD BOOK NUMBER
ISBN 9781000441802 (PDF ebook) :
-- 9781003049555 (ebook) :
Terms of availability 49.99
-- 49.99
-- 49.99
Cancelled/invalid ISBN 9780367503413 (pbk.) :
040 ## - CATALOGING SOURCE
Original cataloging agency StDuBDS
072 #7 - SUBJECT CATEGORY CODE
Subject category code KC
Source bicssc
072 #7 - SUBJECT CATEGORY CODE
Subject category code RN
Source bicssc
082 04 - DEWEY DECIMAL CLASSIFICATION NUMBER
Classification number 333.3320994
130 0# - MAIN ENTRY--UNIFORM TITLE
Uniform title Valuation principles and practice.
245 10 - TITLE STATEMENT
Title Principles and practice of property valuation in Australia /
Statement of responsibility, etc edited by David Parker.
250 ## - EDITION
Edition statement Third edition.
260 ## - PUBLICATION INFORMATION
Place of publication London :
Publisher Routledge,
Date 2021.
300 ## - PHYSICAL DESCRIPTION
Physical description 1 online resource :
Other physical details illustrations (black and white)
504 ## - BIBLIOGRAPHY, ETC. NOTE
Bibliography, etc Includes bibliographical references and index.
505 0# - CONTENTS
Contents Part 1: Principles 1.Legal principles 2. Economic principles 3. Planning principles 4. Policy principles 5. Finance principles 6. Valuation principles Part 2: Practice Section 1. Valuation practice for conventional property sectors 7. Residential property valuation 8. Office property valuation 9. Retail property valuation10. Industrial property valuation 11. Rural property valuation Section 2. Valuation practice for specialist property sectors 12. Retirement and aged care property valuation13. Leisure property valuation 14. Plant and equipment valuation 15. Business and intangible asset valuation Section 3. Valuation practice for specific purposes16. Valuation for rental purposes 17. Valuation for financial reporting purposes 18. Valuation for secured lending purposes19. Valuation for insurance purposes 20. Valuation for statutory purposes
520 8# - ABSTRACT
Abstract "This book provides a clear outline of the key principles underlying property valuation and the current techniques and issues in the practice of valuation for the major sectors of the Australian real estate market"--
650 #0 - KEYWORDS
Keywords Valuation
Geographic subdivision Australia.
650 #0 - KEYWORDS
Keywords EBOOK
650 #0 - KEYWORDS
Keywords Real property
General subdivision Valuation
Geographic subdivision Australia.
650 #7 - KEYWORDS
Keywords Economics
650 #7 - KEYWORDS
Keywords The environment
650 #7 - KEYWORDS
Keywords Urban communities
650 #7 - KEYWORDS
Keywords Urban economics
650 #7 - KEYWORDS
Keywords Property & real estate
650 #7 - KEYWORDS
Keywords Jurisprudence & general issues
650 #7 - KEYWORDS
Keywords International law
650 #7 - KEYWORDS
Keywords Building construction & materials
650 #7 - KEYWORDS
Keywords Construction & heavy industry
690 ## - BROAD SUBJECT
9 (RLIN) 6273
Broad subject Valuation
700 1# - ADDED PERSONAL NAME
Added personal author Parker, David,
Relator term editor.
856 40 - ONLINE RESOURCE
Uniform Resource Identifier <a href="https://www.vlebooks.com/vleweb/product/openreader?id=RICS&accId=9491556&isbn=9781000441840">https://www.vlebooks.com/vleweb/product/openreader?id=RICS&accId=9491556&isbn=9781000441840</a>
Public note View on VLEbooks. Logins for members only from [email protected]
336 ## - CONTENT TYPE
Content type term text
Source rdacontent
336 ## - CONTENT TYPE
Content type term still image
Source rdacontent
337 ## - MEDIA TYPE
Media type term computer
Source rdamedia
338 ## - CARRIER TYPE
Carrier type term online resource
Source rdacarrier
588 ## - SOURCE OF DESCRIPTION NOTE
Source of description note Description based on CIP data; resource not viewed.
776 08 - ADDITIONAL PHYSICAL FORM ENTRY
Display text Print version :
International Standard Book Number 9780367503406
Holdings
Lost status Damaged status Not for loan Home library Current library Shelving location Date acquired Source of acquisition Total Checkouts Full call number Date last seen Price effective from Koha item type Public note
      Virtual Virtual Online 06/02/2023 Browns Books   eBook 06/02/2023 06/02/2023 Book Available on VleBooks, login required, email [email protected] if you do not have a login